| 000 | 01071cab a22002175a 4500 | ||
|---|---|---|---|
| 001 | L143770 | ||
| 008 | 080530s2008 xxk f v 000 0 eng d | ||
| 035 | _a(Sirsi) u143770 | ||
| 041 | 0 | _aeng | |
| 100 | 1 | _aDundas, Hew R. | |
| 245 | 0 | 0 |
_aExpert determination _banother retrograde step? |
| 260 | _c2008 | ||
| 490 | 0 |
_aArbitration _v74(2) May 2008, 188-193(6) |
|
| 520 | _aDiscusses the issue of expert determination using the case of Homepace Ltd v SITA South East Ltd as an extended example. Comments on the case and whether or not the cause of expert determination has been set back. Covers: the facts of the case; the law; the determination and the decision. Concludes that the decision in this case is problematic, contradictory even. (See also: L138134). | ||
| 590 | _aKA | ||
| 650 | 2 | 4 | _aHOMEPACE LTD V SITA SOUTH EAST LTD |
| 650 | 2 | 4 | _aHALIFAX LIFE LTD V EQUITABLE LIFE ASSURANCE SOCIETY |
| 651 | 4 |
_aEngland and Wales _y1543- |
|
| 690 | _aMANAGEMENT-DISPUTE AVOIDANCE, MANAGEMENT AND RESOLUTION-DISPUTE MANAGEMENT AND RESOLUTION-ARBITRATION | ||
| 942 | _n0 | ||
| 999 |
_c80267 _d80267 |
||